По изминатия път на диригента (Запис номер 21977)
[ съкратено ]
| 000 -Лидер | |
|---|---|
| Контролно поле с фиксирана дължина | 01946nam a2200433 c 4500 |
| 003 - Код на организацията, давaща контролен номер | |
| Контролно поле | BLK |
| 005 - Дата и час на последна редакция | |
| Контролно поле | 20240306150221.0 |
| 008 - Елементи от данни с фиксирана дължина | |
| fixed length control field | 180413b bul|||||r ||||||| ||bul|| |
| 010 ## - Наследен системен номер | |
| LC control number | KNG00024309000 |
| 020 ## - Международен стандартен номер на книга ISBN | |
| Международен стандартен номер на книга ISBN | 954-8258-99-4 |
| -- | издат.: Пик |
| 040 ## - Източник на каталожния запис | |
| Идентификатор на билиотеката - собственик на записа | BLK |
| 041 ## - Код за език | |
| Код за езика на текст/звукозапис или на отделно заглавие | Български |
| Код за езика КДБФ | Български |
| 080 ## - УДК | |
| Текстов определител УДК | Музикални изпълнители (инструменталисти, певци), интерпретатори, диригенти |
| УДК код - определител по УДК | 78.071.2 |
| УДК определител | (497.2)(092)(093.3) |
| УДК - код + определител | 78.071.2(497.2)(092)(093.3) |
| 080 ## - УДК | |
| Текстов определител УДК | Български диригент, русенец |
| УДК код - определител по УДК | 929 Вачев, Стефан Иванов |
| УДК определител | |
| УДК - код + определител | 929 Вачев, Стефан Иванов |
| 100 ## - Редна дума - Автор | |
| Автор | Вачев, Стефан |
| Дати, свързани с автора | 1914-2005 |
| R(LIN) | 365694 |
| 139 ## - Редно поле | |
| Редна дума | Вачев, Стефан |
| Авторски знак | Вач - В 31 |
| 245 10 - Сведения за заглавието | |
| Заглавие | По изминатия път на диригента |
| Редно поле (дума) | Стефан Вачев. |
| 257 ## - Страна на издаване | |
| Страна на създаване/издаване | България |
| 260 ## - Област на издателските данни | |
| -- | В. Търново |
| Име на издателя, разпространителя и проч. | Пик |
| Година на издаване | 1998 |
| Печатница | В. Търново : Абагар |
| 300 ## - Физическа характеристика | |
| Страници | 247 с. |
| Илюстрации и др. | с ил., портр. |
| Размери/Мащаб | 21 см |
| 380 ## - Жанр | |
| Жанр | Изкуство |
| 500 ## - Общи забележки | |
| Забележка | Деп. списък: 41 ; 1 000 тир Място на печат: В. Търново Име на печатница: Абагар Геогр. руб.: България |
| 600 #0 - Име на лице, използвано като предмет | |
| За него / За нея | Вачев, Стефан |
| Свързани дати | 1914-2005 |
| 9 (RLIN) | 365694 |
| 650 #4 - Допълнително описание по предмет – тема | |
| Основно описание – тема или топоним | Диригенти, български - спомени |
| 9 (RLIN) | 244381 |
| 650 #4 - Допълнително описание по предмет – тема | |
| Основно описание – тема или топоним | Оркестри, български - спомени |
| 9 (RLIN) | 245153 |
| 650 #4 - Допълнително описание по предмет – тема | |
| Основно описание – тема или топоним | Хорове, български - история |
| 9 (RLIN) | 250916 |
| 651 #4 - Допълнително описание по предмет - топоним | |
| Географско понятие | България |
| 9 (RLIN) | 241624 |
| 651 #4 - Допълнително описание по предмет - топоним | |
| Географско понятие | Русе |
| 9 (RLIN) | 179462 |
| 653 ## - Ключова дума – ненормативна | |
| Ключова дума | България |
| 653 ## - Ключова дума – ненормативна | |
| Ключова дума | диригенти |
| 653 ## - Ключова дума – ненормативна | |
| Ключова дума | спомени |
| 653 ## - Ключова дума – ненормативна | |
| Ключова дума | Русе |
| 852 ## - Местоположение | |
| Форматна сигнатура | Цб 195410 |
| 856 4# - Електронен адрес и достъп | |
| Електронен формат | pdf - файл |
| Път до файла /url/ | |
| 856 4# - Електронен адрес и достъп | |
| Електронен формат | pdf - файл |
| Път до файла /url/ | |
| 942 ## - АРТИКУЛИ | |
| Вид на библиотечния материал | Книги |
| Скрит в OPAC | Не |
| Koha issues (borrowed), all copies | 2 |
| 944 ## - СЪЗДАВАНЕ И РЕДАКЦИЯ на ЗАПИСА | |
| Създаване/Редакция | Създаване |
| Дата на регистрацията/редакция | 15.01.2003 |
| Служител, извършил регистрацията/редакцията | 30558 |
| Статус, дата на статуса | Валя Йорданова |
| 944 ## - СЪЗДАВАНЕ И РЕДАКЦИЯ на ЗАПИСА | |
| Създаване/Редакция | Редакция |
| Дата на регистрацията/редакция | 26.06.2015 |
| Служител, извършил регистрацията/редакцията | Ирена_Линкова |
| 999 ## - СИСТЕМНИ КОНТРОЛНИ НОМЕРА | |
| Koha biblionumber | 21977 |
| Koha biblioitemnumber | 21977 |
| Код за отписване | Код за изгубен артикул | Източник на класификационната схема | Код за повреда | Коз за рестрикции | Код за отдаване | Артикулен № | Име на библиотеката - собственик | Име на библиотеката, в която се намира в момента | Статус (Текущо местоположение) | Дата на вписване в системата | Местоположение - отдел | Цена в лева | Инвентарен номер | Систематично азбучна сигнатура | Баркод | Номер на екземпляра | Цена в евро | Служебен тип на артикула | Номерация (Хронология) | Служебна бележка |
|---|---|---|---|---|---|---|---|---|---|---|---|---|---|---|---|---|---|---|---|---|
| Не е изгубен | Universal Decimal Classification | Не е повреден | само за читалня | ползва се в читалня | 36333 | Регионална библиотека "Любен Каравелов" Русе | Регионална библиотека "Любен Каравелов" Русе | Хранилище | 2001-01-01 | Хранилище | 0.00 | 644168 | Цб 195410 | 120000644168 | 1 | 0.00 | Книги | |||
| Не е изгубен | Universal Decimal Classification | Не е повреден | само за читалня | ползва се в читалня | 36334 | Регионална библиотека "Любен Каравелов" Русе | Регионална библиотека "Любен Каравелов" Русе | Хранилище | 1990-01-01 | Основен фонд - ползва се само за читалня | 3.00 | 643056 | Цб 195410 | 120000643056 | 2 | 1.53 | Книги | Автогр. Стефан Вачев | Дост: DA Вид: А N: стар фонд Дата: 01.01.1990 Дата инв: 20.06.2012 Бележки инв: | |
| Не е изгубен | Universal Decimal Classification | Не е повреден | само за читалня | ползва се в читалня | 872754 | Регионална библиотека "Любен Каравелов" Русе | Регионална библиотека "Любен Каравелов" Русе | Краезнание | 2022-02-21 | Краезнание | 3.00 | К 78/В 31 С | 120000866337 | 1.53 | Книги |